000 01996nam0a2200373 4500
001 RU\NLR\bibl\632045
005 20250610155037.0
021 _aRU
_b93-9268
029 1 0 _aRU
_b50406-92
_cГОСТ Р
029 1 0 _aRU
_b2010-83
_cИСО
029 1 0 _aRU
_b7047-83
_cИСО
035 _a(NLR Aleph) 000622772
090 _a112777
_c112777
100 _a20050218d1993 |||y0rusy50 ca
101 0 _arus
102 _aRU
105 _aa|||l|||000yy
200 1 _aВинты с полупотайной головкой классов точности А и В
_eТехнические условия
210 _aМосква
_cИздательство стандартов
_d1993
215 _a11 с.
_cил.
229 _aВвед. 01.01.94
300 _aЗаменен на ГОСТ Р ИСО 2010-2013 в части винтов с прямым шличем
_aЗаменен на ГОСТ Р ИСО 7047-2013
442 0 _1001RU\NLR\BIBL_A\010414502
_1200#1$aВинты с полупотайной головкой со шлицем. Класс точности А
_99779921
_cМосква
_d2014
_nСтандартинформ
_oКласс точности А
_pIV, 7 с.
_tВинты с полупотайной головкой со шлицем
442 0 _1001RU\NLR\BIBL_A\010472384
_1200#1$aВинты с полупотайной головкой и крестообразным шлицем типа H или типа Z. Класс точности А
_910026431
_cМосква
_d2014
_nСтандартинформ
_oКласс точности А
_pII, 6 с.
_tВинты с полупотайной головкой и крестообразным шлицем типа H или типа Z
610 0 _aвинты. шпильки
686 _aГ32
_v1941
_2oks
801 0 _aRU
_bNLR
_c20050218
_gPSBO
801 1 _aRU
_bNLR
_c20050218
_2ntd_isis
801 2 _aRU
_bNLR
_c20050218
_gPSBO
_2rusmarc
852 _aNLR
_jПт
942 _cBOOK
980 _aNB